[Event "AUTO-ADV-2498"]
[Site "http://www.queenalice.com/game.php?id=1058025"]
[Date "2012.5.10"]
[Round "1"]
[White "fusiger"]
[Black "leokhine"]
[Result "0-1"]
[WhiteElo "1680"]
[BlackElo "1800"]

1. e4 e6 2. d4 d5 3. e5 c5 4. c3 Qb6 5. Nf3 Nc6 6. Bd3 Be7 7. O-O f6 8. Nbd2 Nh6
9. dxc5 Qxc5 10. Nb3 Qb6 11. Bxh6 gxh6 12. exf6 Bxf6 13. Qd2 Bg7 14. Rfe1 O-O
15. Nbd4 Nxd4 16. Nxd4 e5 0-1

[Event "AUTO-ADV-2498"]
[Site "http://www.queenalice.com/game.php?id=1058026"]
[Date "2012.5.10"]
[Round "1"]
[White "leokhine"]
[Black "fusiger"]
[Result "1-0"]
[WhiteElo "1811"]
[BlackElo "1669"]

1. e4 c6 2. Nf3 d5 3. d3 dxe4 4. dxe4 Qxd1+ 5. Kxd1 Bg4 6. Be2 Nd7 7. Nc3 e5 8.
Be3 Ngf6 9. Kd2 Bb4 10. Rad1 Nxe4+ 11. Kc1 Bxc3 12. bxc3 Nxc3 13. Rd2 Nxe2+ 14.
Rxe2 e4 15. Ree1 exf3 16. Bd4+ Kf8 17. gxf3 1-0

[Event "Challenge"]
[Site "http://www.queenalice.com/game.php?id=1132615"]
[Date "2012.12.19"]
[Round "-"]
[White "fusiger"]
[Black "claudius46"]
[Result "1-0"]
[WhiteElo "1611"]
[BlackElo "1579"]

1. e4 e5 2. Nf3 Nc6 3. Bc4 Qf6 4. Nc3 Bc5 5. Nd5 Qd6 6. Ng5 Nb4 7. Nxb4 Qf6 8.
Qf3 Bxb4 9. Nxf7 Qxf3 10. gxf3 Ne7 11. Nxh8 Nc6 12. c3 Ba5 13. d3 a6 14. Be3 b5
15. Bd5 b4 16. Kd2 Rb8 17. Rab1 Ne7 18. Bb3 Bb7 19. Nf7 d5 20. Nxe5 bxc3+ 21.
bxc3 Nc8 22. Ba4+ Ke7 23. Bc6 Nd6 24. Bc5 Ke6 25. Bxd6 Kxd6 26. Rxb7 Rc8 27. d4
Rf8 28. Bxd5 Rf6 29. Nc4+ Ke7 30. Nxa5 Rxf3 31. Rxc7+ Kd6 32. Rf7 Rxf7 33. Bxf7
g5 34. e5+ Ke7 35. e6 g4 36. Nc6+ Kf8 37. Re1 1-0

[Event "Challenge"]
[Site "http://www.queenalice.com/game.php?id=1132622"]
[Date "2012.12.19"]
[Round "-"]
[White "fusiger"]
[Black "Leo_cx"]
[Result "1-0"]
[WhiteElo "1671"]
[BlackElo "1496"]

1. e4 e5 2. Nf3 d6 3. Bc4 h6 4. Nc3 c6 5. d4 b5 6. Be2 b4 7. Na4 f6 8. O-O c5 9.
dxc5 dxc5 10. Be3 Qxd1 11. Raxd1 Na6 12. Bb5+ Kf7 13. Nd2 Rb8 14. Bc4+ Kg6 15.
Nb3 Bb7 16. f4 f5 17. exf5+ Kxf5 18. fxe5+ Kxe5 19. Bf4+ Kf6 20. Bxb8+ Kg6 21.
Rxf8 Be4 22. Rd6+ Kg5 23. Rxa6 Bxc2 24. Rxg8 Rxg8 25. Bxg8 Bxb3 26. Bxb3 Kf5 27.
Nxc5 g5 28. Bc2+ Kg4 29. Rxh6 a5 30. h3# 1-0

[Event "Challenge"]
[Site "http://www.queenalice.com/game.php?id=1132844"]
[Date "2012.12.20"]
[Round "-"]
[White "fusiger"]
[Black "jova21"]
[Result "1-0"]
[WhiteElo "1626"]
[BlackElo "1803"]

1. e4 d5 2. exd5 Qxd5 3. Nc3 Qd8 4. d4 Nf6 5. Nf3 Bg4 6. h3 Bh5 7. g4 Bg6 8. Ne5
Nd5 9. Bg2 e6 10. Nxd5 Bd6 11. Nc3 c6 12. Bf4 1-0

[Event "Challenge"]
[Site "http://www.queenalice.com/game.php?id=1133526"]
[Date "2012.12.22"]
[Round "-"]
[White "mysticchess"]
[Black "fusiger"]
[Result "1-0"]
[WhiteElo "1555"]
[BlackElo "1713"]

1. e4 c6 2. d3 d5 3. e5 Bf5 4. Nd2 e6 5. Ngf3 c5 6. c3 Nc6 7. Nb3 Qc7 8. d4 Nge7
9. Nxc5 Bg6 10. Qa4 Nf5 11. Be2 Be7 12. Nd2 Bxc5 13. dxc5 Qxe5 14. Nf3 Qc7 15.
Bf4 Qa5 16. Qb3 Qxc5 17. Qxb7 O-O 18. O-O f6 19. Qd7 e5 20. b4 Qd6 21. Qxd6 Nxd6
22. Bc1 Rab8 23. Rd1 Ne4 24. Bb2 Rfd8 25. b5 Na5 26. a4 Rbc8 27. Bd3 Nxc3 28.
Bxc3 Rxc3 29. Bxg6 hxg6 30. Rab1 d4 31. Nh4 Kf7 32. b6 axb6 33. Rxb6 Rd7 34. h3
Ra3 35. Rb4 Ra7 36. Rdb1 d3 37. Nf3 g5 38. h4 gxh4 39. Rxh4 Nb3 40. Rd1 Nc5 41.
Nd2 R7xa4 42. Rh8 Ra1 43. Nb1 e4 44. Kh2 Rb4 45. Nc3 Rxd1 46. Nxd1 Rb1 47. Ne3
d2 48. Rd8 Nd3 49. Rd7+ Kg6 50. g4 d1=Q 51. Nxd1 Rxd1 52. Re7 Nxf2 53. Kg3 1-0

[Event "Challenge"]
[Site "http://www.queenalice.com/game.php?id=1140805"]
[Date "2013.1.15"]
[Round "-"]
[White "fusiger"]
[Black "king_chess"]
[Result "1-0"]
[WhiteElo "1700"]
[BlackElo "1904"]

1. e4 c5 2. Nf3 d6 3. d4 cxd4 4. Nxd4 Nf6 5. Nc3 e5 6. Nb3 Nc6 7. f3 Be7 8. Be3
Be6 9. Qd2 Bxb3 10. axb3 O-O 11. Bc4 Qd7 12. g4 h6 13. h4 Rfc8 14. g5 hxg5 15.
hxg5 Nd4 16. Bxd4 exd4 17. Qh2 Kf8 18. gxf6 Bxf6 19. Nd5 g6 20. Nxf6 Qd8 21.
Qh8+ Ke7 22. Nd5+ Kd7 23. Bb5+ Ke6 24. Qxd8 1-0

[Event "Challenge"]
[Site "http://www.queenalice.com/game.php?id=1140806"]
[Date "2013.1.15"]
[Round "-"]
[White "fusiger"]
[Black "adelio"]
[Result "1-0"]
[WhiteElo "1649"]
[BlackElo "1788"]

1. e4 e5 2. Nf3 f6 3. Nxe5 Qe7 4. Qh5+ g6 5. Nxg6 Qxe4+ 6. Be2 Qxg6 7. Qh3 h5 8.
O-O Nc6 9. Re1 Be7 10. Nc3 d5 11. Bd3 Qg5 12. Qf3 Nb4 13. Bb5+ c6 14. d4 Qg4 15.
Qxg4 hxg4 16. Ba4 b5 17. Bb3 Na6 18. Bf4 c5 19. Bxd5 cxd4 20. Nxb5 Rb8 21. Bxb8
Nxb8 22. Nd6+ Kf8 23. Nxc8 Bc5 24. a3 Ne7 25. Nxe7 Bxe7 26. Rad1 Bc5 27. b4 Bb6
28. a4 Nd7 29. a5 Bc7 30. g3 Ne5 31. Rxd4 Nf3+ 32. Bxf3 gxf3 33. Rd7 Be5 34.
Rxa7 Bb8 35. Rb7 Be5 36. a6 Bd4 37. Rd1 Bxf2+ 38. Kf1 Ke8 39. Kxf2 Rxh2+ 40.
Kxf3 Rxc2 41. a7 Ra2 42. Rh1 Ra3+ 43. Kf4 Rf3+ 44. Kxf3 f5 45. a8=Q# 1-0

[Event "Challenge"]
[Site "http://www.queenalice.com/game.php?id=1140809"]
[Date "2013.1.15"]
[Round "-"]
[White "fusiger"]
[Black "MariusLola"]
[Result "0-1"]
[WhiteElo "1724"]
[BlackElo "1844"]

1. e4 e5 2. Nf3 Nc6 3. Bb5 a6 4. Ba4 b5 5. Bb3 Bb7 6. d3 Bb4+ 7. c3 Bc5 8. O-O
Nf6 9. Bg5 O-O 10. d4 exd4 11. cxd4 Be7 12. Nc3 Na5 13. Bc2 Nc4 0-1

[Event "Challenge"]
[Site "http://www.queenalice.com/game.php?id=1140999"]
[Date "2013.1.15"]
[Round "-"]
[White "adelio"]
[Black "fusiger"]
[Result "0-1"]
[WhiteElo "1769"]
[BlackElo "1680"]

1. d4 d5 2. e4 dxe4 3. Nc3 Nf6 4. f3 exf3 5. Nxf3 Bg4 6. h3 Bh5 7. g4 Bg6 8. Ne5
e6 9. a3 Bd6 10. h4 Bxe5 11. Bg5 Bxd4 12. Bg2 Nc6 13. h5 Bxc3+ 14. bxc3 Qxd1+
15. Kxd1 Be4 16. Rg1 Nxg4 17. Kc1 Bxg2 18. Rxg2 Nge5 19. h6 gxh6 20. Bf6 Rf8 21.
Rb1 b6 22. Rb5 Ng6 23. Bg7 Rg8 24. Bxh6 O-O-O 25. Bg5 Rde8 26. Be3 Nge5 27. Rh2
Ng4 28. Re2 Nxe3 29. Rxe3 f5 30. Kb2 e5 31. a4 f4 32. Rh3 Re7 33. Rh5 f3 34. a5
e4 35. axb6 axb6 36. Rbf5 Rg1 37. Rf8+ Kb7 38. Rhf5 e3 39. Rxf3 e2 40. R8f4 e1=Q
41. Rf1 Rxf1 42. Rxf1 Qxf1 43. Ka2 Re1 44. Kb3 Na5+ 45. Kb4 c5+ 46. Ka4 Ra1# 0-1